000 00429nam a2200181Ia 4500
001 003655
003 YMCAF
005 20230512160228.0
008 100717s9999 ||||||||||||||||| ||und|d
024 _a3655
035 _a3632
040 _aYMCAF
_beng
_cIN-KoLT
041 _aeng
082 _aAUT-HAI
100 _aHaines, Roger W.
245 0 _aControl systems for heating, ventilating and air conditioning
942 _2ddc
_cBK
999 _c2882
_d2882